Martin Scorsese's collaborators - Statistics

General Stats
  • This quiz has been taken 23 times
  • The average score is 27 of 36
Answer Stats
Picture Hint Answer % Correct
The Irishman Al Pacino
100%
The Departed Jack Nicholson
100%
Gangs of New York, The Aviator, The Departed, Shutter Island, The Wolf of Wall Street, Killers of the Flower Moon Leonardo DiCaprio
100%
The Wolf of Wall Street Margot Robbie
100%
Mean Streets, Taxi Driver, New York New York, Raging Bull, The King of Comedy, Goodfellas, Cape Fear, Casino, The Irishman, Killers of the Flower Moon Robert De Niro
100%
Raging Bull, Goodfellas, Casino, The Irishman Joe Pesci
95%
Gangs of New York, Silence Liam Neeson
95%
The Departed Matt Damon
95%
The Wolf of Wall Street Matthew McConaughey
95%
Goodfellas Samuel L. Jackson
95%
The Last Temptation of Christ Willem Dafoe
95%
The Age of Innocence, Gangs of New York Daniel Day-Lewis
90%
The Wolf of Wall Street Jonah Hill
90%
Shutter Island Mark Ruffalo
90%
Silence Adam Driver
86%
Killers of the Flower Moon Brendan Fraser
86%
The Aviator Cate Blanchett
86%
The Departed Mark Wahlberg
86%
Casino Sharon Stone
86%
Silence Andrew Garfield
81%
Hugo Sacha Baron Cohen
81%
Gangs of New York Cameron Diaz
76%
The Last Temptation of Christ David Bowie
76%
The Color of Money Paul Newman
76%
Shutter Island, Hugo Ben Kingsley
71%
The Age of Innocence Winona Ryder
67%
Who's That Knocking at My Door, Mean Streets, Alice Doesn't Live Here Anymore, Taxi Driver, The Last Temptation of Christ, The Irishman Harvey Keitel
62%
The Age of Innocence Michelle Pfeiffer
62%
Shutter Island Michelle Williams
62%
The Wolf of Wall Street Jon Favreau
57%
Raging Bull John Turturro
52%
Hugo Chloë Grace Moretz
48%
The Wolf of Wall Street Jean Dujardin
33%
The Departed Vera Farmiga
29%
The Departed, Hugo Ray Winstone
24%
The Age of Innocence Miriam Margolyes
10%
No matching quizzes found
Score Distribution
Percent of People with Each Score
Percentile by Number Answered
Your Score History
You have not taken this quiz